000 00875nam a2200229Ii 4500
003 JO-AjNU
008 230605s9999||||xx |||||||||||||| ||und||
017 _a2013/6/2253
020 _a978-9957-89-082-7
040 _aJO-AjNU
_bara
_erda
_cJO-AjNU
041 _aara
050 1 4 _aHF 5549 2013
100 3 _aتأليف برقاوي، وفاء برهان,
_eauthor
_945038
245 0 0 _aادارة الموارد البشرية:المفهوم والوظائف والاستراتيجيات
250 _aط1
264 3 1 _aاربد،عمان: مةسسة حمادة للدراسات الدامعية للنشر والتوزيع،دار اليازوري العلمية؛2013
300 _a468ص
336 _atext
_btxt
_2rdacontent
337 _aunmediated
_bn
_2rdamedia
338 _avolume
_bnc
_2rdacarrier
650 4 _aادارة الموارد البشرية
_945039
999 _aA19494
_c23062
_d23062